Normal view
MARC view
- Theory and practice in education
Entry Topical Term
001 - CONTROL NUMBER
- control field: 86326
003 - CONTROL NUMBER IDENTIFIER
- control field: OSt
005 - DATE AND TIME OF LATEST TRANSACTION
- control field: 20250521095625.0
008 - FIXED-LENGTH DATA ELEMENTS
- fixed length control field: 250521|| aca||aabn | a|a d
040 ## - CATALOGING SOURCE
- Original cataloging agency: OSt
- Transcribing agency: OSt
150 ## - HEADING--TOPICAL TERM
- Topical term or geographic name as entry element: Theory and practice in education
670 ## - SOURCE DATA FOUND
- Source citation: Work cat.: (OSt)48939: Brundett, Mark. 86325, Leadership in education / , 2006.